| 000 | 01833nam a2200253 a 4500 | ||
|---|---|---|---|
| 001 | BRCA_8700 | ||
| 005 | 20190320210354.0 | ||
| 008 | 240117s1754----sp-a######---#000-0#spa-# | ||
| 041 | _aspa | ||
| 044 | _asp | ||
| 084 |
_aBE43 _b.P58 1754 |
||
| 100 | 1 |
_aPluche, Nöel Antoine _d1688 - 1761 _921346 |
|
| 245 | 1 | 0 | _aEspectáculo de la naturaleza, o conversaciones a cerca de las particularidades de la historia natural, que han parecido más apropósito para exercitar una curiosidad útil, y formarles la razón à los jóvenes lectores, parte quinta, que contiene lo que mira al hombre considerado en si mismo. |
| 260 |
_aMadrid _bEn la oficina de D. Gabriel Ramirez _c1754 |
||
| 300 |
_a[4] 279 p. (t.10) _eCon 17 laminas ilustradas |
||
| 500 | _aEn portada: Con dedicatoria a la Reyna nuestra señora Doña María Bárbara. | ||
| 500 | _aCon marca de fuego: “Procedencia de la marca: Colegio Jesuita de San Francisco Xavier de la Ciudad de Querétaro(1). Institución: Provincia Mexicana de la Compañía de Jesús. Descripción: Iniciales S. Xr. Q. que se desata como S[an] X[avie]r [de] Q[uerétaro.]. Observaciones: A falta de un testimonio de pertenencia se hace la atribución de la marca en función a la realizada por David Saavedra Vega. Se espera localizar otro ejemplar que corrobore esta atribución. Ubicación de la marca en el libro: Canto superior” | ||
| 500 | _aEstado físico: presenta lomo desprendido, algunas hojas manchadas y cintas rotas | ||
| 650 | 1 | 4 |
_aCiencias naturales _yObras anteriores a 1800 _921347 |
| 700 | 1 |
_aTerreros y Pando, Esteban (S.I.) _d1707 - 1782 _etr. _921677 |
|
| 856 | _ahttp://www.marcasdefuego.buap.mx:8180/xmLibris/projects/firebrand/item.jsp?repository=marcas_de_fuego&key=marcas_de_fuego_marcas_de_fuego_20151006120916_4064.xml&num=5 | ||
| 902 | _aCFM | ||
| 942 |
_2lcc _cB |
||
| 999 |
_c8353 _d8353 |
||